| 000 | 00812cam a2200253 a 4500 | ||
|---|---|---|---|
| 001 | 000003847 | ||
| 005 | 20200929150607.0 | ||
| 008 | 741125s1985 sp 000 f spa | ||
| 020 | _a8420630772 | ||
| 040 |
_aDO-SdBNP _cDLC _dDLC _dOCoLC |
||
| 041 | 1 | 7 |
_aspa _heng _2Código de idioma MARC |
| 082 |
_a823.912 _bF733m, 1985. |
||
| 100 | 1 |
_aForster, E. M. _q(Edward Morgan), _d1879-1970. _911626 |
|
| 240 | 1 | 0 |
_aHowards end. _lEspañol. |
| 245 | 1 | 3 |
_aLa mansión / _cE. M. Forster ; traductor, Eduardo Mendoza. |
| 250 | _a2da. ed. | ||
| 260 |
_aMadrid : _bAlianza, _c1985. |
||
| 300 |
_a413p. : ; _c20 cm. |
||
| 534 |
_aTítulo original: _tHowards end. |
||
| 650 | 4 |
_aNovela inglesa _91071 |
|
| 650 | 4 |
_aLiteratura inglesa _9498 |
|
| 700 | 1 |
_aMendoza, Eduardo _etr. _911627 |
|
| 910 | _aCatalogación por copia / LC | ||
| 999 |
_c3669 _d3669 |
||